| 000 | 00916nam a22003017a 4500 | ||
|---|---|---|---|
| 001 | 5120 | ||
| 003 | FISKH | ||
| 005 | 20250827150946.0 | ||
| 008 | 241107b cb ||||| |||| 00| 0 eng d | ||
| 020 | _a078073003990 | ||
| 040 |
_aFISKH _beng _cFISKH _dFISKH |
||
| 050 | _aE312.W44 | ||
| 082 | _a973.41092 | ||
| 100 | _aWeinberger, Kimberly | ||
| 245 |
_aLet's read about george washington / _cby Kimberly Weinberger Illustrated by Bob Doucet |
||
| 250 | _aFirst printing in 2002 | ||
| 260 |
_aNew York : _bScholastic, _c2002. |
||
| 300 |
_a29 pages : _bcolor illustrations ; _c23 cm |
||
| 505 | _aJ | ||
| 520 | _aA simple biography of the first president of the United States. | ||
| 521 | 8 |
_a500
_bLexile |
|
| 521 | 8 |
_aJ
_bRaz-Plus |
|
| 650 |
_2Non-fiction _aPresidents |
||
| 650 |
_2Biographies _aAmerican history |
||
| 700 |
_aDoucet, Bob _dIllustrator |
||
| 942 |
_2ddc _cBK _n0 |
||
| 999 |
_c5120 _d5120 |
||